000 00650cab a2200205 4500
001 WB3023-21
008 090401t1994 xxu||||| |||| 00| 0 eng d
035 _a(Sirsi) u71345
041 _aeng
245 _aFormer PSA posts go
260 _c1994
350 _a0
490 _aGuardian
_v16 June 1994, 3(1)
520 _aNearly 1300 former civil servants have been sacked by companies which took over PSA at a cost of more than £54m to taxpayers according to the DoE in a written Parliamentary answer.
650 _aPROPERTY SERVICES AGENCY
650 _aREDUNDANCIES
690 _aECONOMIC AND SOCIAL
942 _n0
948 _c04/03/1997
999 _c44962
_d44962